Settlements of Slovenia on a Map - Podravska (North) - Statistics

General Stats
  • This quiz has been taken 29 times
  • The average score is 53 of 365
Answers on the Map
Answers color-coded by a green-red scale on the quiz's map according to % correct below.
 
Answer Stats
ANSWER % Correct
Maribor
100%
Ruše
81%
Slovenska Bistrica
75%
Lovrenc na Pohorju
63%
Miklavž na Dravskem polju
63%
Oplotnica
63%
Pekre
63%
Limbuš
56%
Starše
56%
Fram
50%
Pesnica
50%
Rače
50%
Biš
44%
Bistrica ob Dravi
44%
Bresternica
44%
Kamnica
44%
Lenart v Slov. goricah
44%
Selnica ob Dravi
44%
Šentilj v Slov. goricah
44%
Spodnje Hoče
44%
Spodnji Duplek
44%
Zgornje Hoče
44%
Zgornji Duplek
44%
Benedikt
38%
Malečnik
38%
Sladki Vrh
38%
Spodnja Polskava
38%
Zgornja Polskava
38%
Bezena
31%
Brunšvik
31%
Črešnjevec
31%
Dogoše
31%
Dolnja Počehova
31%
Fala
31%
Frajhajm
31%
Gaj
31%
Gaj nad Mariborom
31%
Hočko Pohorje
31%
Pragersko
31%
Puščava
31%
Razvanje
31%
Rošpoh - del
31%
Spodnji Jakobski Dol
31%
Trčova
31%
Zgornja Kungota
31%
Zrkovci
31%
Bohova
25%
Bojtina
25%
Ceršak
25%
Činžat
25%
Janževa Gora
25%
Jurovski Dol
25%
Log
25%
Loka
25%
Marjeta na Dravskem polju
25%
Meljski Hrib
25%
Pekel
25%
Pernica
25%
Počehova
25%
Radizel
25%
Rdeči Breg - del
25%
Rogoza
25%
Selnica ob Muri
25%
Slivnica pri Mariboru
25%
Spodnji Boč
25%
Sv. Ana v Slov. goricah
25%
Svečina
25%
Sv. Trojica v Slov. goricah
25%
Trate
25%
Veliki Boč
25%
Vodole
25%
Vurmat - del
25%
Za Kalvarijo
25%
Zgornja Bistrica
25%
Zgornji Jakobski Dol
25%
Zgornji Slemen - del
25%
Zlatoličje
25%
Cigonca
19%
Ciringa
19%
Dobrovce
19%
Dragučova
19%
Dravski Dvor
19%
Gradišče na Kozjaku
19%
Gradiška
19%
Hrastje
19%
Jareninski Dol
19%
Jareninski Vrh
19%
Jedlovnik
19%
Jelovec
19%
Kot na Pohorju
19%
Kozjak pri Ceršaku
19%
Kumen
19%
Laznica
19%
Lobnica
19%
Loka pri Framu
19%
Lukanja
19%
Morje
19%
Orehova vas
19%
Pesnica pri Mariboru
19%
Pivola
19%
Planica
19%
Planina pod Šumikom
19%
Polana
19%
Ranče
19%
Recenjak
19%
Ribniško selo
19%
Ritoznoj
19%
Rožengrunt
19%
Ruta
19%
Selce
19%
Skoke
19%
Slivniško Pohorje
19%
Šmartno na Pohorju
19%
Smolnik
19%
Smrečno
19%
Šober
19%
Špicnik
19%
Spodnja Gorica
19%
Spodnja Nova vas
19%
Spodnja Velka
19%
Spodnje Dobrenje
19%
Spodnji Gasteraj
19%
Spodnji Slemen
19%
Srednje
19%
Sv. Duh na Ostrem vrhu
19%
Svečane
19%
Trnovska vas
19%
Trnovski Vrh
19%
Vinarje
19%
Vosek
19%
Vranji Vrh
19%
Vukovski Dol
19%
Vurberk
19%
Zgornja Selnica
19%
Zgornja Velka
19%
Zgornje Dobrenje
19%
Zgornji Boč
19%
Zgornji Gasteraj
19%
Božje
13%
Brezje pri Oplotnici
13%
Brezje pri Slov. Bistrici
13%
Celestrina
13%
Cerkvenjak
13%
Cirknica
13%
Črešnjevec ob Dravi
13%
Čreta
13%
Dvorjane
13%
Gačnik
13%
Gorica pri Oplotnici
13%
Grušena
13%
Grušova
13%
Hotinja vas
13%
Jurišna vas
13%
Jurjevski Dol
13%
Jurski Vrh
13%
Kalše
13%
Kebelj
13%
Kovača vas
13%
Kozjak nad Pesnico
13%
Kresnica
13%
Leskovec
13%
Lokavec
13%
Mali Dol
13%
Metava
13%
Nebova
13%
Pesniški Dvor
13%
Plač
13%
Plintovec
13%
Podigrac
13%
Podova
13%
Polička vas
13%
Polički Vrh
13%
Požeg
13%
Prepolje
13%
Ranca
13%
Rep
13%
Rogoznica
13%
Ruperče
13%
Šestdobe
13%
Slatina
13%
Slatinski Dol
13%
Spodnja Korena
13%
Spodnja Ložnica
13%
Spodnja Selnica
13%
Spodnje Vrtiče
13%
Srednji Gasteraj
13%
Stara Gora
13%
Stara Gora pri Šentilju
13%
Straža pri Oplotnici
13%
Štrihovec
13%
Sv. Trije Kralji v Slov. gor.
13%
Tinjska Gora
13%
Trniče
13%
Turiška vas na Pohorju
13%
Urh
13%
Vajgen
13%
Videž
13%
Vrhov Dol
13%
Vršnik
13%
Vukovje
13%
Vukovski Vrh
13%
Zgornja Gorica
13%
Zgornja Korena
13%
Zgornja Ložnica
13%
Zgornja Nova vas
13%
Zgornja Ščavnica
13%
Zgornje Vrtiče
13%
Zimica
13%
Andrenci
6%
Bišečki Vrh
6%
Bukovec
6%
Čadram
6%
Čagona
6%
Ciglence
6%
Črmlja
6%
Črmljenšak
6%
Devina
6%
Dražen Vrh - del
6%
Farovec
6%
Gabernik
6%
Gladomes
6%
Gradenšak
6%
Hošnica
6%
Hrastovec v Slov. goricah
6%
Ihova
6%
Jablance
6%
Jelenče
6%
Ješenca
6%
Kaniža
6%
Klopce
6%
Kočno pri Polskavi
6%
Kopivnik
6%
Kostanjevec
6%
Kovaški Vrh
6%
Kremberk
6%
Krivi Vrh
6%
Laporje
6%
Ledinek
6%
Ločič
6%
Ločki Vrh
6%
Ložane
6%
Malahorna
6%
Malna
6%
Malo Tinje
6%
Močna
6%
Nadbišec
6%
Nadgrad
6%
Nova Gora nad Slovensko Bistrico
6%
Pobrež
6%
Pokoše
6%
Preloge
6%
Prihova
6%
Radehova
6%
Ročica
6%
Rošnja
6%
Sele pri Polskavi
6%
Sovjak
6%
Spodnja Senarska
6%
Spodnja Voličina
6%
Spodnje Partinje
6%
Spodnje Prebukovje
6%
Spodnji Porčič
6%
Spodnji Žerjavci
6%
Srebotje
6%
Straže
6%
Varda
6%
Veliko Tinje
6%
Vinička vas
6%
Visole
6%
Zamarkova
6%
Zavrh
6%
Zgornja Senarska
6%
Zgornja Voličina
6%
Zgornje Partinje
6%
Zgornje Prebukovje
6%
Zgornji Porčič
6%
Zgornji Žerjavci
6%
Žikarce
6%
Žitence
6%
Brengova
0%
Brezula
0%
Cenkova
0%
Cezlak
0%
Cogetinci
0%
Dobriška vas
0%
Dobrova pri Prihovi
0%
Dolge Njive
0%
Dolgi Vrh
0%
Drankovec
0%
Drumlažno
0%
Drvanja
0%
Flekušek
0%
Fošt
0%
Froleh
0%
Gočova
0%
Grabonoški Vrh
0%
Hrenca
0%
Ivanjski Vrh
0%
Ješovec
0%
Kadrenci
0%
Kočno ob Ložnici
0%
Komarnica
0%
Koritno
0%
Korplje
0%
Križni Vrh
0%
Kušernik
0%
Lačna Gora
0%
Levič
0%
Lokanja vas
0%
Lormanje
0%
Markečica
0%
Modrič
0%
Negovski Vrh
0%
Obrat
0%
Ogljenšak
0%
Okoška Gora
0%
Osek
0%
Ošelj
0%
Peščeni Vrh
0%
Plodršnica
0%
Počenik
0%
Podgrad na Pohorju
0%
Prepuž
0%
Pretrež
0%
Radkovec
0%
Raskovec
0%
Razgor pri Žabljeku
0%
Šentovec
0%
Šetarova
0%
Sevec
0%
Slatenik
0%
Smolinci
0%
Šomat
0%
Spodnja Bačkova
0%
Spodnja Ročica
0%
Spodnje Hlapje
0%
Spodnje Verjane
0%
Štajngrova
0%
Stanetinci
0%
Stari Log
0%
Trnovec pri Slovenski Bistrici
0%
Trotkova
0%
Trstenik
0%
Ugovec
0%
Vanetina
0%
Vrhloga
0%
Vrhole pri Laporju
0%
Vrhole pri Slov. Konjicah
0%
Žabljek
0%
Zgornja Bačkova
0%
Zgornja Brežnica
0%
Zgornja Ročica
0%
Zgornje Gradišče
0%
Zgornje Grušovje
0%
Zgornje Hlapje
0%
Zgornje Verjane
0%
Zgornji Dražen Vrh
0%
Žice
0%
Zlogona Gora
0%
Zlogona vas
0%
Župetinci
0%
No matching quizzes found
Score Distribution
Percent of People with Each Score
Percentile by Number Answered
Your Score History
You have not taken this quiz